| 000 | 00694nam a2200193Ia 4500 | ||
|---|---|---|---|
| 008 | 151121s9999||||xx |||||||||||||| ||und|| | ||
| 082 | _a658.05 | ||
| 082 | _bHNW-112209 | ||
| 100 | _aबरवे मीनाक्षी | ||
| 245 | _aसंगणक शिक्षण व शिक्षक | ||
| 260 | _b"नित्य नुतन प्रकाशन, पुणे।" | ||
| 260 | _c2012 | ||
| 300 | _a290 | ||
| 600 | _aबरवे मीनाक्षी | ||
| 630 | _aसंगणक शिक्षण व शिक्षक | ||
| 700 | _aबरवे मीनाक्षी | ||
| 730 | _aसंगणक शिक्षण व शिक्षक | ||
| 942 | _cBOOK | ||
| 999 |
_c1261553 _d1261550 |
||